000 00703nam a22002172 4500
001 0000019540
005 20151217152157.0
008 110106s xx 000 0 eng d
020 _a140183454x :
040 _aKABU
_cKABU
100 1 _aPolifko-Harris, Karin.
_@0000179290
245 1 0 _aCase applications in nursing leadership & management /
_cKarin Polifko-Harris.
250 _a1st ed.
260 _aNew York :
_bDelma Learning,
_c2004.
300 _axi, 292 p.
650 0 _aNursing services
_xAdministration
_xCase studies.
_@0000179291
650 0 _aLeadership
_xCase studies.
_@0000150806
852 1 _9p3775 KES
908 _a110106
950 _@1
999 _c8993
_d8993